000 01761nam a2200517 i 4500
001 36192
003 KOSZ 005
005 20260212063350.0
008 990119s1998 pl a f f |000 0 pol
015 _aUWD 1999/626
020 _a8387443824
035 _a991008874909705066
035 _a(PL-WaBN)b12291092-48omnis_nlop
035 _ab12291092
035 _a(OCoLC)749849631
035 _a(PL)b0000001229109
035 _a(EXLNZ-48OMNIS_NETWORK)9910191038405606
040 _aWA N
_cWA N
_dKOSZ 005/HR
041 0 _apol
080 _a577.1
080 _a(075.8)
100 1 _aKulka, Krzysztof
_eAutor
245 1 0 _aBiochemia :
_bpodręcznik akademicki /
_cKrzysztof Kulka, Andrzej Rejowski ; Akademia Rolniczo-Techniczna im. Michała Oczapowskiego w Olsztynie.
250 _aWyd. 2.
260 _aOlsztyn :
_bWydaw. ART,
_c1998.
300 _a607, [5] s. :
_brys., wykr. ;
_c23 cm.
336 _aTekst
_btxt
_2rdacontent
337 _aBez urządzenia pośredniczącego
_bn
_2rdamedia
338 _aWolumin
_bnc
_2rdacarrier
380 _aKsiążki
380 _aPublikacje dydaktyczne
385 _mPoziom nauczania
_aSzkoły wyższe
388 _a1901-2000
388 _a1989-2000
504 _aBibliogr. s. [609].
521 _aDla studentów akademii rolniczych.
650 7 _aBiochemia
_2DBN
655 7 _aPodręczniki akademickie
_2DBN
658 _aBiologia
658 _aChemia
700 1 _aRejowski, Andrzej
_d(1930- )
_eAutor
710 2 _aAkademia Rolniczo-Techniczna im. Michała Oczapowskiego (Olsztyn)
856 _uhttp://koha.tu.koszalin.pl/cgi-bin/koha/opac-detail.pl?biblionumber=36192
_yKatalog online BPK
942 _2UKD
_cKS
999 _c36192
_d36192